000 00856nam a2200277 a 4500
001 2924437
003 OSt
005 20230627112654.0
008 881006s1987 ke a b 001 0 eng
010 _a 88980657
020 _a9966984216
040 _aDLC
_cDLC
_dDLC
043 _af-ke---
082 0 0 _a334.09
_bOUM
100 1 _aOuma, Sylvester J.,
_d1931-
245 1 0 _aDevelopment in Kenya through co-operatives /
_cSylvester J. Ouma.
260 _aNairobi, Kenya :
_bShirikon Management & Book-marketing Services,
_c1987.
300 _avii, 252 p. :
_bill. ;
_c21 cm.
500 _aIncludes index.
504 _aBibliography: p. 221-222.
650 0 _aCooperation
_zKenya.
650 0 _aCooperative societies
_zKenya.
906 _a7
_bcbc
_corignew
_d3
_encip
_f19
_gy-gencatlg
942 _2ddc
_cBK
999 _c2834
_d2834